header

Education in the Third Reich (Record no. 9204)

MARC details
000 -LEADER
fixed length control field 01395nam a2200349Ia 4500
001 - CONTROL NUMBER
control field ebr10019117
003 - CONTROL NUMBER IDENTIFIER
control field CaPaEBR
006 - FIXED-LENGTH DATA ELEMENTS--ADDITIONAL MATERIAL CHARACTERISTICS--GENERAL INFORMATION
fixed length control field m u
007 - PHYSICAL DESCRIPTION FIXED FIELD--GENERAL INFORMATION
fixed length control field cr cn|||||||||
008 - FIXED-LENGTH DATA ELEMENTS--GENERAL INFORMATION
fixed length control field 830811s1985 nyu sb s001 0 eng d
010 ## - LIBRARY OF CONGRESS CONTROL NUMBER
Canceled/invalid LC control number 83017866
020 ## - INTERNATIONAL STANDARD BOOK NUMBER
Cancelled/invalid ISBN 0873958225
Cancelled/invalid ISBN 0873958233 (pbk.)
040 ## - CATALOGING SOURCE
Original cataloging agency CaPaEBR
Transcribing agency CaPaEBR
035 ## - SYSTEM CONTROL NUMBER
System control number (OCoLC)559706112
050 14 - LIBRARY OF CONGRESS CALL NUMBER
Classification number LA721.81
Item number .B58 1985eb
082 04 - DEWEY DECIMAL CLASSIFICATION NUMBER
Classification number 320.5/33/0943
Edition number 19
100 1# - MAIN ENTRY--PERSONAL NAME
Personal name Blackburn, Gilmer W.,
Dates associated with a name 1939-
245 10 - TITLE STATEMENT
Title Education in the Third Reich
Medium [electronic resource] :
Remainder of title a study of race and history in Nazi textbooks /
Statement of responsibility, etc Gilmer W. Blackburn.
260 ## - PUBLICATION, DISTRIBUTION, ETC. (IMPRINT)
Place of publication, distribution, etc Albany :
Name of publisher, distributor, etc State University of New York Press,
Date of publication, distribution, etc c1985.
300 ## - PHYSICAL DESCRIPTION
Extent 217 p.
500 ## - GENERAL NOTE
General note Includes index.
504 ## - BIBLIOGRAPHY, ETC. NOTE
Bibliography, etc Bibliography: p. 205-211.
533 ## - REPRODUCTION NOTE
Type of reproduction Electronic reproduction.
Place of reproduction Palo Alto, Calif. :
Agency responsible for reproduction ebrary,
Date of reproduction 2013.
Note about reproduction Available via World Wide Web.
-- Access may be limited to ebrary affiliated libraries.
650 #0 - SUBJECT ADDED ENTRY--TOPICAL TERM
Topical term or geographic name as entry element National socialism and education.
Topical term or geographic name as entry element Education
General subdivision Curricula
Geographic subdivision Germany
General subdivision History
Chronological subdivision 20th century.
Topical term or geographic name as entry element Racism in textbooks
Geographic subdivision Germany
General subdivision History
Chronological subdivision 20th century.
651 #0 - SUBJECT ADDED ENTRY--GEOGRAPHIC NAME
Geographic name Germany
General subdivision History
Chronological subdivision 1933-1945.
655 #7 - INDEX TERM--GENRE/FORM
Genre/form data or focus term Electronic books.
Source of term local
710 2# - ADDED ENTRY--CORPORATE NAME
Corporate name or jurisdiction name as entry element ebrary, Inc.
856 40 - ELECTRONIC LOCATION AND ACCESS
Uniform Resource Identifier <a href="http://site.ebrary.com/lib/rucke/Doc?id=10019117">http://site.ebrary.com/lib/rucke/Doc?id=10019117</a>
Public note An electronic book accessible through the World Wide Web; click to view

No items available.

© 2026 Rongo University
Contact us: librarian | system librarian | Rongo university